[Event "Sao Paulo Cordioli Memorial"]
[Site "Sao Paulo"]
[Date "2015.09.05"]
[Round "1"]
[White "Federzoni, Enzo"]
[Black "De Oliveira Santos, Alexandre"]
[Result "1/2-1/2"]
[WhiteElo "1617"]
[BlackElo "2160"]
[PlyCount "37"]
[EventDate "2015.09.05"]
[EventType "swiss"]
[EventRounds "6"]
[EventCountry "BRA"]
[SourceTitle "EXT 2016"]
[Source "ChessBase"]
[SourceDate "2015.10.08"]
[SourceVersion "1"]
[SourceVersionDate "2015.10.08"]
[SourceQuality "1"]

1. e4 c5 2. Nc3 e6 3. f4 Nc6 4. Nf3 a6 5. g3 b5 6. Bg2 Bb7 7. 0-0 Nge7 8. d3 Nd4 9. Be3 Nec6 10. Ne2 Nxf3+ 11. Bxf3 d5 12. e5 Be7 13. d4 Qb6 14. c3 cxd4 15. Nxd4 Nxd4 16. Bxd4 Qc7 17. Qd2 0-0 18. Qg2 Rad8 19. g4 1/2-1/2